Derecho del trabajo y de la seguridad social (Registro nro. 1647)
[ vista simple ]
| 000 -LEADER | |
|---|---|
| fixed length control field | 02108 a2200241 4500 |
| 001 - CONTROL NUMBER | |
| control field | 28089 |
| 005 - DATE AND TIME OF LATEST TRANSACTION | |
| control field | 20260407155553.0 |
| 008 - FIXED-LENGTH DATA ELEMENTS--GENERAL INFORMATION | |
| fixed length control field | 260407a2001 arg spa d |
| 003 - CONTROL NUMBER IDENTIFIER | |
| control field | AR-UNSa-BCEJYS |
| 040 ## - CATALOGING SOURCE | |
| Original cataloging agency | AR-UNSa-BCEJYS |
| Language of cataloging | spa |
| Transcribing agency | AR-UNSa-BCEJYS |
| 080 ## - UNIVERSAL DECIMAL CLASSIFICATION NUMBER | |
| Universal Decimal Classification number | 349.2 |
| Common auxiliary subdivision | Derecho del Trabajo |
| 020 ## - INTERNATIONAL STANDARD BOOK NUMBER | |
| International Standard Book Number | 950-14-1830-8 |
| 041 ## - LANGUAGE CODE | |
| Language code of text/sound track or separate title | spa |
| 100 1# - MAIN ENTRY--PERSONAL NAME | |
| Personal name | Grisolia, Julio Armando |
| 245 10 - TITLE STATEMENT | |
| Title | Derecho del trabajo y de la seguridad social |
| Name of part/section of a work | doctrina, legislación, jurisprudencia |
| 250 ## - EDITION STATEMENT | |
| Edition statement | 5a. ed |
| 264 #1 - PRODUCTION, PUBLICATION, DISTRIBUTION, MANUFACTURE, AND COPYRIGHT NOTICE | |
| Place of production, publication, distribution, manufacture | Buenos Aires : |
| Name of producer, publisher, distributor, manufacturer | Ediciones Depalma |
| Date of production, publication, distribution, manufacture, or copyright notice | 2001 |
| 300 ## - PHYSICAL DESCRIPTION | |
| Extent | xl, 1172 p. |
| Dimensions | 23 cm. |
| 505 ## - FORMATTED CONTENTS NOTE | |
| Formatted contents note | 1. Trabajo humano. Derecho del trabajo - 2. Historia del derecho del trabajo - 3. Actualidad del derecho del trabajo - 4. Fuentes de derecho del trabajo - 5. Principios del derecho del trabajo - 6. Contrato de trabajo - 7. Modalidades del contrato de trabajo - 8. Derechos y deberes de las partes - 9. La renumeración - 10 . Régimen de Jornada - 11. Descansos, feriados, vacaciones y licencias - 12. Enfermedades y accidentes inculpables - 13. Trabajo de mujeres y menores - 14. Suspensión del contrato de trabajo - 15. Fraude, solidaridad y transferencia del contrato - 16. Extinción del contrato de trabajo. El despido, Indemnización - 17. Otras formas de extinción del contrato de trabajo - 18. Régimen de las pequeñas y medianas empresas (Pymes) - 19. Estatutos especiales - 20. Derecho colectivo del trabajo - 21. Negociación colectiva. Convenios colectivos - 22. Conflictos colectivos de trabajo. Medidas de acción directa - 23. Derecho Administrativo y procesal del trabajo - 24. Derecho Internacional del trabajo - 25. Accidentes y enfermedades del trabajo. Ley de riesgos del trabajo - 26. El Derecho de la seguridad social - 27. El sistema integrado de jubilaciones y pensiones - 28. Seguro de desempleo - 29. Asignaciones familiares - 30. Obras sociales. Seguro de salud |
| 590 ## - LOCAL NOTE (RLIN) | |
| Local note | niveau_biblio:m niveau_hierar:0 |
| 856 41 - ELECTRONIC LOCATION AND ACCESS | |
| Uniform Resource Identifier | <a href="https://biblioeco.unsa.edu.ar/pmb/images/libros/Derecho del Trabajo y de la Seguridad Social-l119961.jpg">https://biblioeco.unsa.edu.ar/pmb/images/libros/Derecho del Trabajo y de la Seguridad Social-l119961.jpg</a> |
| Link text | Imagen de portada |
| Electronic format type | image/jpeg |
| 942 ## - ADDED ENTRY ELEMENTS (KOHA) | |
| Koha item type | |
| Withdrawn status | Lost status | Damaged status | Not for loan | Home library | Current library | Shelving location | Date acquired | Total checkouts | Full call number | Barcode | Date last seen | Price effective from | Koha item type |
|---|---|---|---|---|---|---|---|---|---|---|---|---|---|
| Biblioteca Prof. Eusebio Cleto del Rey | Biblioteca Prof. Eusebio Cleto del Rey | 07/04/2026 | 349.2 G869 5ed. | L119961 | 07/04/2026 | 07/04/2026 | Libro |